| 000 | 00796nam a2200229 a 4500 | ||
|---|---|---|---|
| 005 | 20150326020003.0 | ||
| 008 | 140220b1996 ve ||||| |||| 00| 0 spa d | ||
| 040 |
_aCO-BoIAVH _cCO-BoIAVH |
||
| 041 | _aspa | ||
| 044 | _ave | ||
| 082 | 0 | 4 |
_a333.953416 _bD29 |
| 110 | 2 |
_bComisión del Acuerdo de Cartagena _97755 |
|
| 245 | 1 | 0 |
_aDecisión 391 del 2 de Julio de 1996: _bRégimen común sobre acceso a los recursos genéticos |
| 260 |
_aCaracas: _bComisión del Acuerdo de Cartagena, _c1996. |
||
| 300 |
_a16 p. _c28 cm. |
||
| 500 | _adisponible en fotocopia solo para consulta en sala | ||
| 650 | 6 |
_aAcuerdo de Cartagena 1996 _97756 |
|
| 650 | 4 |
_aLegislación ambiental _933578 |
|
| 650 | 4 |
_aAcceso a recursos genéticos _933579 |
|
| 650 | 6 |
_aDecisión 391 de 1996 _94303 |
|
| 942 |
_cFolleto _2ddc _01 |
||
| 999 |
_c438 _d438 |
||